H.R. 2868 : the "Chemical Facility Anti-Terrorism Act of 2009" : hearing before the Committee on Homeland Security, House of Representatives, One Hundred Eleventh Congress, first session, June 16, 2009.

Bibliographic Details
Corporate Author: United States. Congress. House. Committee on Homeland Security
Format: Government Document eBook
Language:English
Published: Washington : U.S. G.P.O., 2011.
Subjects:
Online Access:Text version:
PDF version:

MARC

Tag First Indicator Second Indicator Subfields
LEADER 00000cam a2200000 a 4500
001 in00002747607
005 20151202152352.0
006 m d f
007 cr bn|||||||||
008 120201s2011 dcu o f000 0 eng c
035 |a (OCoLC)ocn774692657 
040 |a GPO  |c GPO  |d GPO  |d OCLCQ  |d GPO  |d MvI  |d UtOrBLW 
042 |a pcc 
043 |a n-us--- 
049 |a WWW 
050 4 |a KF27  |b .H57 2011j 
074 |a 1018-E (online) 
086 0 |a Y 4.H 75:111-25 
088 |a Serial no. 111-25 (United States. Congress. House. Committee on Homeland Security) 
110 1 |a United States.  |b Congress.  |b House.  |b Committee on Homeland Security. 
245 1 0 |a H.R. 2868 :  |b the "Chemical Facility Anti-Terrorism Act of 2009" : hearing before the Committee on Homeland Security, House of Representatives, One Hundred Eleventh Congress, first session, June 16, 2009. 
246 3 0 |a Chemical Facility Anti-Terrorism Act of 2009 
264 1 |a Washington :  |b U.S. G.P.O.,  |c 2011. 
300 |a 1 online resource (iv, 102 pages) 
336 |a text  |b txt  |2 rdacontent 
337 |a computer  |b c  |2 rdamedia 
338 |a online resource  |b cr  |2 rdacarrier 
500 |a Title from title screen (viewed on Feb. 1, 2012). 
500 |a "Serial number 111-25." 
500 |a "Serial number 111-39." 
500 |a Electronic resource. 
610 1 0 |a United States.  |b Department of Homeland Security  |v Rules and practice. 
650 0 |a Chemical plants  |x Security measures  |x Government policy  |z United States. 
650 0 |a Chemical terrorism  |z United States  |x Prevention. 
650 0 |a Terrorism  |z United States  |x Prevention. 
650 0 |a National security  |x Law and legislation  |z United States. 
776 0 8 |i Print version:  |a United States. Congress. House. Committee on Homeland Security.  |t H.R. 2868 : the "Chemical Facility Anti-Terrorism Act of 2009"  |w (OCoLC)774693328 
776 0 8 |i Microfiche:  |a United States. Congress. House. Committee on Homeland Security.  |t H.R. 2868 : the "Chemical Facility Anti-Terrorism Act of 2009"  |w (OCoLC)794186921 
856 4 0 |3 Text version:  |u http://purl.fdlp.gov/GPO/gpo18403  |t 0 
856 4 0 |3 PDF version:  |u http://purl.fdlp.gov/GPO/gpo18404  |t 0 
999 |a MARS 
999 f f |s a8d06ac6-5105-3013-8748-ce6e2eb43e88  |i d16f5f76-a47c-35ac-b92a-8fea0dac9a68  |t 0 
952 f f |a Texas A&M University  |b College Station  |c Electronic Resources  |d Available Online  |t 0  |e Y 4.H 75:111-25  |h Superintendent of Documents classification 
998 f f |a Y 4.H 75:111-25  |t 0  |l Available Online